[Event "Online Olym Div3 D"]
[Site "Chess.com INT"]
[Date "2021.08.27"]
[Round "3.5"]
[White "Martinez Jimenez, Manyeli"]
[Black "Monroy Garzon, Nataly Alejandra"]
[Result "0-1"]
[WhiteElo "1393"]
[BlackElo "1957"]
[PlyCount "50"]
[EventDate "2021.08.27"]
[EventType "team-tourn (rapid)"]
[EventRounds "9"]
[EventCountry "USA"]
[SourceTitle "CBM 204 Extra"]
[Source "ChessBase"]
[SourceDate "2021.11.30"]
[SourceVersion "1"]
[SourceVersionDate "2021.11.30"]
[SourceQuality "1"]
[WhiteTeam "Dominican Republic"]
[BlackTeam "Bolivia"]
[WhiteTeamCountry "DOM"]
[BlackTeamCountry "BOL"]

1. d4 c5 2. d5 e6 3. c4 exd5 4. cxd5 d6 5. Nc3 g6 6. e4 Bg7 7. Nf3 Nf6 8. Bd3 0-0 9. 0-0 a6 10. Bg5 b5 11. a3 h6 12. Bh4 c4 13. Bc2 Nbd7 14. b3 Qc7 15. Rc1 cxb3 16. Bxb3 Qb6 17. Qe2 Nc5 18. Ba2 Re8 19. Nd2 Bb7 20. Kh1 Rac8 21. f3 Nfd7 22. Bf2 Qa5 23. Bg3 Bxc3 24. Rc2 Be5 25. f4 Bg7 0-1

[Event "DOM-ch (Women)"]
[Site "Santo Domingo"]
[Date "2019.03.02"]
[Round "2"]
[White "Jose, Marianela"]
[Black "Martinez Jimenez, Manyeli"]
[Result "1/2-1/2"]
[WhiteElo "1553"]
[BlackElo "1578"]
[PlyCount "89"]
[EventDate "2019.03.01"]
[EventType "swiss"]
[EventRounds "8"]
[EventCountry "DOM"]
[SourceTitle "CBM 189 Extra"]
[Source "ChessBase"]
[SourceDate "2019.05.31"]
[SourceVersion "1"]
[SourceVersionDate "2019.05.31"]
[SourceQuality "1"]

1. e4 e5 2. Nf3 Nc6 3. Bc4 h6 4. h3 Bc5 5. c3 a6 6. d4 Bd6 7. d5 b5 8. Be2 Na7 9. Be3 Nf6 10. Nbd2 0-0 11. 0-0 Qe7 12. Nh4 Rd8 13. Nf5 Qf8 14. Bh5 c6 15. Qf3 cxd5 16. Nxh6+ gxh6 17. Qxf6 Kh7 18. exd5 Bc7 19. Ne4 Qg7 20. Qxf7 Qxf7 21. Bxf7 d6 22. f4 Bf5 23. Ng3 Bd3 24. Rfe1 Rf8 25. Bxa7 Rxf7 26. Bf2 Rxf4 27. Be3 Rf7 28. Rad1 Bg6 29. Rf1 Raf8 30. Rxf7+ Rxf7 31. Rf1 Rxf1+ 32. Kxf1 h5 33. h4 Bf7 34. Ne4 Kg6 35. Nd2 Bxd5 36. a3 Kf5 37. Kf2 e4 38. Nf1 Bb7 39. g3 d5 40. Bd4 Kg4 41. Ne3+ Kh3 42. Nf1 a5 43. b4 a4 44. Bf6 Bb6+ 45. Bd4 1/2-1/2